Coal mine risk management in eastern salt range of Punjab/ (Record no. 232280)
[ view plain ]
| 000 -LEADER | |
|---|---|
| fixed length control field | 00694nam a22002057a 4500 |
| 003 - CONTROL NUMBER IDENTIFIER | |
| control field | Nust |
| 005 - DATE AND TIME OF LATEST TRANSACTION | |
| control field | 20241210095500.0 |
| 008 - FIXED-LENGTH DATA ELEMENTS--GENERAL INFORMATION | |
| fixed length control field | 170216b xxu||||| |||| 00| 0 eng d |
| 040 ## - CATALOGING SOURCE | |
| Transcribing agency | Nust-MCE |
| 082 ## - DEWEY DECIMAL CLASSIFICATION NUMBER | |
| Classification number | 200 |
| 100 ## - MAIN ENTRY--PERSONAL NAME | |
| Personal name | Raja Shabab Nowsherwan |
| 9 (RLIN) | 50875 |
| 245 ## - TITLE STATEMENT | |
| Title | Coal mine risk management in eastern salt range of Punjab/ |
| Statement of responsibility, etc. | Raja Shabab Nowsherwan |
| 260 ## - PUBLICATION, DISTRIBUTION, ETC. | |
| Place of publication, distribution, etc. | Risalpur, |
| Name of publisher, distributor, etc. | MCE, |
| 300 ## - PHYSICAL DESCRIPTION | |
| Extent | 109, p; |
| Dimensions | 35, cm. |
| 526 ## - STUDY PROGRAM INFORMATION NOTE | |
| Program name | MS-Construction Engineering and Management |
| 690 ## - LOCAL SUBJECT ADDED ENTRY--TOPICAL TERM (OCLC, RLIN) | |
| General subdivision | MS-Construction Engineering and Management |
| 9 (RLIN) | 126573 |
| 700 ## - ADDED ENTRY--PERSONAL NAME | |
| Personal name | Supervisor Dr. Muhammad Jawed Iqbal |
| 9 (RLIN) | 126707 |
| 856 ## - ELECTRONIC LOCATION AND ACCESS | |
| Uniform Resource Identifier | <a href="http://10.250.8.41:8080/xmlui/handle/123456789/11784">http://10.250.8.41:8080/xmlui/handle/123456789/11784</a> |
| 942 ## - ADDED ENTRY ELEMENTS (KOHA) | |
| Koha item type | Soft Copy |
| Source of classification or shelving scheme | |
| Withdrawn status | Lost status | Source of classification or shelving scheme | Damaged status | Not for loan | Permanent Location | Current Location | Shelving location | Date acquired | Total Checkouts | Full call number | Barcode | Date last seen | Price effective from | Koha item type |
|---|---|---|---|---|---|---|---|---|---|---|---|---|---|---|
| Central Library (CL) | Central Library (CL) | Thesis | 10/02/2020 | 363.3 | CL-T-6396 | 10/02/2020 | 10/02/2020 | Book |
